000 00555nam a2200205Ia 4500
003 GCL
008 140319s9999 xx 000 0 ara d
040 _aGCL /
_cGCL
082 0 4 _a956.531
_bم د
100 1 _aمحمد كرد على
245 1 0 _aدمشق مدينة السحر والشعر /
_cمحمد كرد على
260 _a[S.N] :
_bمطبعة المعارف
300 _a152 ص
490 _aاقرأ
_v0
650 0 4 _aالشعر العربى
650 0 4 _aتاريخ
650 0 4 _aسوريا
650 0 4 _aدمشق
942 _2ddc
_cBK
999 _c36695
_d36695